Sports Quiz

Random Sports Quiz

PSG players 2015-2016 Quiz Stats

 Plays Quiz not verified by Sporcle

Challenge
Share
Tweet
Embed
Score 0/24 Timer 06:00
0 Plays Today
Position Player % Correct
GoalkeeperKevin Trapp
94.2%
GoalkeeperSalvatore Sirigu
94.2%
DefenderThiago Silva
94.2%
ForwardEdinson Cavani
89.7%
DefenderDavid Luiz
87.7%
DefenderSerge Aurier
86.5%
DefenderMaxwell
85.2%
DefenderMarquinhos
85.2%
MidfielderMarco Verratti
85.2%
MidfielderThiago Motta
83.9%
MidfielderBlaise Matuidi
81.9%
MidfielderJavier Pastore
81.9%
Position Player % Correct
MidfielderLucas
78.7%
DefenderLayvin Kurzawa
73.5%
GoalkeeperNicolas Douchez
72.9%
MidfielderAdrien Rabiot
70.3%
ForwardEzequiel Lavezzi
69%
DefenderPresnel Kimpembe
55.5%
DefenderGregory van der Wiel
51%
ForwardJean-Kévin Augustin
51%
ForwardHervin Ongenda
38.7%
MidfielderBenjamin Stambouli
38.1%
ForwardZlatan Ibrahimović
16.8%
MidfielderÁngel Di María
10.3%

You're not logged in!

Compare scores with friends on all Sporcle quizzes.
OR
Log In

You Might Also Like...

Show Comments

Extras

Created Nov 27, 2015ReportNominate
Tags:Football Team, France, PSG

Top Quizzes Today


Score Distribution

Your Account Isn't Verified!

In order to create a playlist on Sporcle, you need to verify the email address you used during registration. Go to your Sporcle Settings to finish the process.

Report this User

Report this user for behavior that violates our Community Guidelines.

Details: